000 01115 a2200241 4500
005 20080910142937.0
008 080910t xxu||||| |||| 00| 0 hin d
010 _aHIN-79484
020 _c150.00
_a8181661699
035 _aHN-51830
037 _bD.B.Act / pub
082 _a821
100 _aत्रिवेदी, प्रमोद
245 _aवन-तुलसी की गंध
_cप्रमोद त्रिवेदी
246 _aVan Tulsi ki Gandh
_bby Pramod Trivedi
260 _aदिल्ली
_bमेधा बुक्स
_c2006
270 _aएक्स-11, नवीन शाहदरा
_bदिल्ली
_e110032
_k22323672
_mmedhabooks@rediffmail.com
300 _a120पृ
_c22 सेमी (सजिल्द)
650 _aहिन्दी कविताएँ
650 _aHindi Poeam
942 _adpl
_cHN
_k821 / त्रिवेदी
_2ddc
_h821
_mत्रिवेदी
999 _c2834
_d2834